00586nam a2200193Ia 4500008004100000020001500041082001400056100002500070245003200095250000800127260003200135300001100167500002500178650001200203700002300215942000700238952013000245999001700375230524s9999 xx 000 0 und d a8126509627 a5.43bSIL aAbraham Silberschatz 0aOperating System Principles a7TH aSINGAPOREbJohn Wileyc2004 aXX;863 aQuantity Number: 53 aComp-Sc a Peter Baer Galvin cBK 00104070aTATCLbTATCLcGENd2023-05-24l1o005.43 SILp15206q2020-02-25r2024-01-29s2024-01-29w2023-05-24yBKzPCCS4304 c27670d27670